Pulp Fiction Characters - Statistics

General Stats
  • This quiz has been taken 37 times
  • The average score is 5 of 14
Answer Stats
Hint Character % Correct
Protagonist 2 Vincent Vega
85%
Protagonist 2's Love Interest Mia Wallace
79%
Main Antagonist Marsellus Wallace
71%
Protagonist 1 Jules Winnfield
50%
Drug Dealer Lance
38%
Wife of Minor Antagonist Honey Bunny
32%
Protagonist 3 Butch Coolidge
26%
Protagonists' Informant Marvin
21%
Minor Antagonist Pumpkin
21%
Business Antagonist Brett
18%
Bartender Paul
6%
Friend of Drug Dealer Trudi
3%
Waiter Phillip Morris Page
0%
Business Associate Roger
0%
No matching quizzes found
Score Distribution
Percent of People with Each Score
Percentile by Number Answered
Your Score History
You have not taken this quiz